Determinanty rozvoja rodinného podnikania na Slovensku autoreferát dizertačnej práce

Na minha lista:
Detalhes bibliográficos
Autor principal: Moresová, Mária
Autor Corporativo: Univerzita Mateja Bela v Banskej Bystrici. Ekonomická fakulta
Outros Autores: Sedliačiková, Mariana
Formato: Livro
Idioma:eslovaco
inglês
Publicado em: Banská Bystrica 2019
Assuntos:
Tags: Adicionar Tag
Sem tags, seja o primeiro a adicionar uma tag!

MARC

LEADER 00000nam a2200000 4500
001 0258767
005 20230116134057.3
041 0 |a slo 
041 0 |a eng 
044 |a SK 
245 1 0 |a Determinanty rozvoja rodinného podnikania na Slovensku  |b autoreferát dizertačnej práce  |c Mária Moresová ; školiteľ: Mariana Sedliačiková 
264 1 |a Banská Bystrica  |c 2019 
300 |a 30 s. 
610 2 0 |a podnikanie rodinné 
610 2 0 |a podnik rodinný 
610 2 0 |a štát 
610 2 0 |a podpora podnikania 
610 2 0 |a rozvoj podniku 
610 2 0 |a Slovensko 
100 1 |a Moresová, Mária 
700 1 |a Sedliačiková, Mariana 
710 2 |a Univerzita Mateja Bela v Banskej Bystrici. Ekonomická fakulta